000 00359nam a2200121Ia 4500
008 231129s9999||||xx |||||||||||||| ||spa||
020 _a84-8277-064-0
082 _aCo863.6 V436t
100 _aVélez de Piedrahita Rocí­o.
245 0 _aTerrateniente
264 _aBogotá : Carlos Valencia editores
942 _2ddc
_cBKS
999 _c25293
_d25293